000 00797nam a22003010a 4500
001 PT53547
003 AR-LpoUNG
005 20210131231558.0
008 191001s2014||||ag |||||||||||||||||spa d
020 _a9789504634508
_c$8,03
040 _aAR-LpoUNG
_bspa
_cAR-LpoUNG
_eaacr
041 _aspa
044 _aag
082 0 _a808.068 3 386muc
100 1 _aSchujer, Silvia
245 1 0 _aMucho perro
250 _a1ra. ed., 1ra. reimpr.
260 _aBuenos Aires :
_bAlfaguara,
_c2014.
300 _a47 p. :
_bil.
505 0 _aSugerido a partir de 6 aƱos (etiqueta AMARILLA)
650 4 _aCUENTOS
650 4 _aLITERATURA
651 4 _aDOCUMENTOS TEORICOS O METODOLOGICOS
653 _aLITERATURA INFANTIL
700 1 _aPez, Alberto
_eil.
905 _a53547
942 _cLIB
999 _c10856
_d10856